LEADER 03473 am 2200577 n 450 001 9910495754203321 005 20240104030501.0 010 $a2-7535-6038-2 024 7 $a10.4000/books.pur.88593 035 $a(CKB)4100000008351115 035 $a(FrMaCLE)OB-pur-88593 035 $a(PPN)236940899 035 $a(EXLCZ)994100000008351115 100 $a20190603j|||||||| ||| 0 101 0 $afre 135 $auu||||||m|||| 200 00$aClasser les archives et les bibliothèques$eMise en ordre et raisons classificatoires$fVéronique Sarrazin, Patrice Marcilloux, Bénédicte Grailles, Valérie Neveu 210 $aRennes$cPresses universitaires de Rennes$d2019 215 $a1 online resource (246 p.) 311 $a2-7535-4063-2 330 $aComment les méthodes de classement des fonds et collections documentaires ont-elles évolué dans le temps ? Selon quelle chronologie ? D'une manière autonome ou sous l'effet d'influences exogènes ? Comment les professionnels accueillent-ils les innovations, voire les modes ? Comment réagissent-ils aux éventuelles concurrences entre systèmes ou, inversement, au consensus dominant ? Leurs choix techniques sont-ils imperméables aux idéologies ou croyances ? Les taxinomies générales ont-elles un impact ? S'il existe des modèles, comment se diffusent-ils ? Quelle est la force des injonctions étatiques ou des prescriptions doctrinales ? Aujourd'hui, à l'ère du Web sémantique et des nouveaux langages documentaires, les logiques classificatoires sont-elles définitivement obsolètes ? Ces questions sont ici explorées sur le temps long, du Moyen Âge à nos jours, et de manière transversale, à la fois dans les bibliothèques et en archives. Outils de combat parfois, stables le plus souvent, échappant aux évidences chronologiques, continûment tendues entre nécessités d'un ordre physique et désir d'un agencement intellectuel, les pratiques de classement demeurent solidement installées au c?ur des identités professionnelles des archivistes et des bibliothécaires. Composantes essentielles de leur professionnalité, elles tissent des communautés intertextuelles à partir des collections de livres et fonds d'archives rassemblés en un même lieu, les rendant non seulement exploitables, mais surtout leur conférant élaboration et statut. 606 $aHistory 606 $aInformation Science & Library Science 606 $améthodologie 606 $aarchives 606 $abibliothèque 606 $aclassification 615 4$aHistory 615 4$aInformation Science & Library Science 615 4$améthodologie 615 4$aarchives 615 4$abibliothèque 615 4$aclassification 700 $aBarret$b Sébastien$01318999 701 $aBlima-Barru$b Martine Sin$01454203 701 $aDeuff$b Olivier Le$01454204 701 $aGandon$b Fabien L$01454205 701 $aGrailles$b Bénédicte$01288438 701 $aLatour$b Patrick$01454120 701 $aLauvernier$b Julie$01454206 701 $aMarcilloux$b Patrice$01283615 701 $aNeveu$b Valérie$01276433 701 $aNougaret$b Christine$01284960 701 $aPassant$b Alexandre$0619631 701 $aSarrazin$b Véronique$01281951 701 $aTirard$b Stéphane$01332585 801 0$bFR-FrMaCLE 906 $aBOOK 912 $a9910495754203321 996 $aClasser les archives et les bibliothèques$93656847 997 $aUNINA LEADER 04914oam 2200757 c 450 001 9910410649603321 005 20250802090638.0 010 $a9783839435946 010 $a3839435943 024 7 $a10.14361/9783839435946 035 $a(CKB)3710000000926337 035 $a(DE-B1597)474879 035 $a(OCoLC)1013955633 035 $a(OCoLC)965646232 035 $a(DE-B1597)9783839435946 035 $a(MiAaPQ)EBC5493895 035 $a(Au-PeEL)EBL5493895 035 $a(oapen)https://directory.doabooks.org/handle/20.500.12854/34842 035 $a(ScCtBLL)dc53ecd5-5bef-4eca-a03c-9fb613a96e46 035 $a(transcript Verlag)9783839435946 035 $a(oapen)doab34842 035 $a(oapen)doab63008 035 $a(EXLCZ)993710000000926337 100 $a20250802d2016 uy 0 101 0 $ager 135 $aur||||||||||| 181 $ctxt$2rdacontent 182 $cc$2rdamedia 183 $acr$2rdacarrier 200 10$aZwischenstadtland Schweiz$eZur politischen Steuerung der suburbanen Entwicklung in Schweizer Gemeinden$fLineo Umberto Devecchi 205 $a1st ed. 210 $aBielefeld$ctranscript Verlag$d2016 210 $aBielefeld$ctranscript Verlag$d2016 215 $a1 online resource 225 0 $aEdition Politik$v35 327 $aFrontmatter 1 Inhalt 5 Vorwort 9 1. Einleitung, Forschungsfrage und U?bersicht 11 2. Grundlagen: Suburbane Raumplanung und Definitionen von Governance 21 3. Lokale Governance: Strukturelle Bedingungen und lokale (Re-)Aktionen 51 4. Systematische Analyse lokaler Governance: Forschungsdesign 89 5. Gemeinden in prosperierendem o?konomischem Umfeld 105 6. Gemeinden unter Schrumpfungsdruck 189 7. Vergleich der Fallgemeinden und der Formen lokaler Governance 239 8. Entstehungsbedingungen fu?r unterschiedliche Governance-Formen 265 9. Der Outcome suburbaner Governance: Siedlungsqualita?ten und -potenziale 315 10. Diskussion der Resultate, ihre Einordnung und eine theoretische Synthese 335 11. Urbanisierung der Landschaft und Suburbanisierung der Sta?dte? 363 Literaturverzeichnis 371 Quellenverzeichnis 395 Methodischer Anhang 403 Backmatter 406 330 $aDie Schweiz unterliegt seit zwei Jahrzehnten starken Urbanisierungstendenzen, die sich vor allem zwischen den großen Kernsta?dten abspielen. Um Herausforderungen des gesteigerten Fla?chenverbrauchs wie der Zersiedelung zu begegnen, ist eine Analyse der heutigen kommunalen Entscheidungsprozesse und -logiken u?berfa?llig. Lineo Umberto Devecchi thematisiert Fragen hinsichtlich der kommunalen Steuerung raumwirksamer Prozesse und deren Auswirkungen auf die Gestaltung des suburbanen Raums. Die theoretisch abgestu?tzten Erkla?rungen sowie die nachvollziehbaren Fallstudien sind nicht nur fu?r ein interdisziplina?res akademisches Publikum, sondern auch fu?r Praktiker_innen aus Planung und Architektur von Interesse. 330 1 $a»The book is an important contribution not only to local government studies in Switzerland but as well to the international study of SMSTs. The conclusions raise important practical and political lessons that are hopefully being heard by Swiss policy makers.« David Kaufmann, Swiss Political Science Review, 23/3 (2017) Besprochen in: Fraunhofer IRB, 11 (2016) www.tandfonline.com, 13.04.2017, Christian Reutlinger http://onlinelibrary.wiley.com, 08.05.2017, David Kaufmann 410 0$aEdition Politik 606 $aVersta?dterung; Urbanisierung; Schweiz; Gemeinde; Governance; Raumordnung; Suburbaner Raum; Raumgestaltung; Kommunalpolitik; Stadt; Politik; Stadtplanung; Urban Studies; Politikwissenschaft; Urbanisation; Switzerland; Municipality; Spatial Planning; Suburban Space; Space Design; Local Affairs; City; Politics; Urban Planning; Political Science; 610 $aArbon 610 $aExekutive 610 $aGovernance 610 $aLocal Affairs City 610 $aMunicipality 610 $aPolitical Science 610 $aPolitics 610 $aProaktivita?t 610 $aRorschach 610 $aSpace Design 610 $aSpatial Planning 610 $aSuburban Space 610 $aSwitzerland 610 $aUrban Planning 610 $aUrban Studies 610 $aUrbanisation 610 $aUster 610 $aWetzikon 615 4$aVersta?dterung; Urbanisierung; Schweiz; Gemeinde; Governance; Raumordnung; Suburbaner Raum; Raumgestaltung; Kommunalpolitik; Stadt; Politik; Stadtplanung; Urban Studies; Politikwissenschaft; Urbanisation; Switzerland; Municipality; Spatial Planning; Suburban Space; Space Design; Local Affairs; City; Politics; Urban Planning; Political Science; 700 $aDevecchi$b Lineo Umberto$4aut$00 801 0$bDE-B1597 801 1$bDE-B1597 906 $aBOOK 912 $a9910410649603321 996 $aZwischenstadtland Schweiz$92174824 997 $aUNINA